000
00205 a2200097 4500
001
46763
100
_a
Robinson D
245
_a
The dirty wars
260
_a
New York
_b
Delacorte
_c
090
_c
29857
_d
29857
942
_a
NUST-CAE
_c
M
_c
22065
999
_c
281836
_d
281836